000 01071nam a22002775i 4500
001 169163
003 ES-MaACL
005 20230906214020.0
008 080820s2001 sp |||| | spa d
017 _aB-13.097-2001
020 _a84-7664-724-7
080 _a7.036(064.3)
130 0 _aRetorno al país de las maravillas.
_9138232
245 1 0 _aRetorn al país de les meravelles
_b: l'art contemporani i la infància = Retorno al país de las maravillas : el arte contemporáneo y la infancia : 27 d'abril-8 de juliol de 2001, Centre Cultural de la Fundació "la Caixa".
260 _aBarcelona :
_bFundació "la Caixa",
_c2001.
300 _a155 p. :
_bil. col. ;
_c21 x 22 cm.
504 _aBibliografía.
546 _aTexto en catalán, castellano e inglés.
650 1 4 _aArte-
_yS.XX-
_vExposiciones.
_910140
655 7 _2tgfbne
_9193628
_aCatálogos de exposiciones
710 2 _aFundació "la Caixa"
_9173255
740 0 _aRetorno al país de las maravillas.
852 4 _aES-MaACL
_jL-29540
942 _2udc
999 _c169163
_d169163